|
|
|
|
| LEADER |
02275nam a2200481 a 4500 |
| 001 |
EBC3414589 |
| 003 |
MiAaPQ |
| 005 |
20200520144314.0 |
| 006 |
m o d | |
| 007 |
cr cn||||||||| |
| 008 |
060803s2007 miua sb s001 0 eng |
| 010 |
|
|
|z 2006025449
|
| 015 |
|
|
|a GBA740130
|2 bnb
|
| 016 |
7 |
|
|z 013752586
|2 Uk
|
| 020 |
|
|
|z 0472099809 (cloth : alk. paper)
|
| 020 |
|
|
|z 9780472099801 (cloth : alk. paper)
|
| 020 |
|
|
|z 0472069802 (pbk. : alk. paper)
|
| 020 |
|
|
|z 9780472069804 (pbk. : alk. paper)
|
| 035 |
|
|
|a (MiAaPQ)EBC3414589
|
| 035 |
|
|
|a (Au-PeEL)EBL3414589
|
| 035 |
|
|
|a (CaPaEBR)ebr10356840
|
| 035 |
|
|
|a (CaONFJC)MIL244468
|
| 035 |
|
|
|a (OCoLC)743199601
|
| 040 |
|
|
|a MiAaPQ
|c MiAaPQ
|d MiAaPQ
|
| 043 |
|
|
|a a-io---
|a f-nr---
|
| 050 |
|
4 |
|a HC447
|b .L47 2007
|
| 082 |
0 |
4 |
|a 330.9598
|2 22
|
| 100 |
1 |
|
|a Lewis, Peter,
|d 1957-
|
| 245 |
1 |
0 |
|a Growing apart
|h [electronic resource] :
|b oil, politics, and economic change in Indonesia and Nigeria /
|c Peter M. Lewis.
|
| 260 |
|
|
|a Ann Arbor :
|b University of Michigan Press,
|c c2007.
|
| 300 |
|
|
|a xi, 345 p. :
|b ill.
|
| 490 |
1 |
|
|a Interests, identities, and institutions in comparative politics
|
| 504 |
|
|
|a Includes bibliographical references (p. [297]-326) and index.
|
| 505 |
0 |
|
|a Introduction -- The political economy of development -- Growing apart : divergent political economies -- Indonesia : crisis, reform, and growth -- Nigeria : division, distribution, and decline -- Comparing economic performance -- After the fall : the dynamics of attempted reform in Indonesia -- Predatory rule, transition, and malaise in Nigeria -- Conclusion : Indonesia and Nigeria in comparative perspective.
|
| 533 |
|
|
|a Electronic reproduction. Ann Arbor, MI : ProQuest, 2015. Available via World Wide Web. Access may be limited to ProQuest affiliated libraries.
|
| 651 |
|
0 |
|a Indonesia
|x Economic conditions
|y 1945-1966.
|
| 651 |
|
0 |
|a Nigeria
|x Economic conditions
|y 1970-
|
| 651 |
|
0 |
|a Indonesia
|x Economic policy.
|
| 651 |
|
0 |
|a Nigeria
|x Economic policy.
|
| 655 |
|
4 |
|a Electronic books.
|
| 710 |
2 |
|
|a ProQuest (Firm)
|
| 830 |
|
0 |
|a Interests, identities, and institutions in comparative politics.
|
| 856 |
4 |
0 |
|u https://ebookcentral.proquest.com/lib/matrademy/detail.action?docID=3414589
|z Click to View
|